Εμπορευματοχημεία : εξετάσεις, αναλύσεις, πραγματογνωσύναι όλων των εμπορευμάτων
Αποθηκεύτηκε σε:
| Κύριος συγγραφέας: | |
|---|---|
| Μορφή: | Βιβλίο |
| Γλώσσα: | Greek |
| Δημοσίευση: |
Ηράκλειον :
Τύποις Ν. Αλικιώτη,
1934.
|
| Θέματα: | |
| Ετικέτες: |
Προσθήκη ετικέτας
Δεν υπάρχουν, Καταχωρήστε ετικέτα πρώτοι!
|
MARC
| LEADER | 00000cam a2200000 i 4500 | ||
|---|---|---|---|
| 001 | 1/66150 | ||
| 008 | 150205s1934 gr | ||| |||| ||gre|| | ||
| 035 | |l 10120926 | ||
| 040 | |a GR-MyUA |b gre |e AACR2 | ||
| 041 | 0 | |a gre | |
| 082 | 0 | |a 540 |2 (23) | |
| 100 | 1 | |a Μάνθος, Νίκος Γ. | |
| 245 | 1 | 0 | |a Εμπορευματοχημεία : |b εξετάσεις, αναλύσεις, πραγματογνωσύναι όλων των εμπορευμάτων / |c Νίκου Γ. Μάνθου. |
| 260 | |a Ηράκλειον : |b Τύποις Ν. Αλικιώτη, |c 1934. | ||
| 300 | |a 143 [1] σ. : |b πιν. ; |c 23 εκ. | ||
| 500 | |a Στη σ.τ. υπογραφή "Αδαμόπουλος 17-1-35". | ||
| 650 | 0 | 0 | |a Chemistry. |
| 650 | 0 | 0 | |a Organometallic chemistry. |
| 650 | 0 | 0 | |a Food |x Analysis. |
| 852 | |a INST |b SAMOS |c PORFYRIADA |e 20150205 |h 540 ΜΑΝ |p 005300041589 |q 005300041589 |t NOLOAN |y 23 | ||
| 901 | |a BIBL3-2015-1 | ||
| 909 | |a Σ |b 186105 | ||
| 970 | |a ΚΟΣΙΕΡΗΣ |b ΧΡΗΣΤΟΣ |z 2015/02/05 | ||